[Event "26. Torneo Collado Villalba"]
[Site "Collado Villalba ESP"]
[Date "2009.08.24"]
[Round "4.7"]
[White "Cao Armillas, Jesus"]
[Black "Perez Gonzalez, Jose Manuel"]
[Result "0-1"]
[WhiteElo "2199"]
[BlackElo "2307"]
[PlyCount "174"]
[EventDate "2009.08.21"]
[EventType "swiss"]
[EventRounds "9"]
[EventCountry "ESP"]
[Source "lmi"]
[SourceDate "2009.08.21"]

1. c4 Nf6 2. Nc3 c5 3. g3 g6 4. Bg2 Bg7 5. e3 O-O 6. Nge2 d6 7. O-O Nc6 8. d4
Bd7 9. b3 Qc8 10. Re1 Rb8 11. Ba3 b6 12. Rc1 Qa6 13. Bb2 Rfc8 14. dxc5 bxc5 15.
Nf4 Kf8 16. Qd2 Ne5 17. Nd3 Nxd3 18. Qxd3 Bc6 19. Bxc6 Rxc6 20. Rc2 Qc8 21. Nd5
Nxd5 22. Bxg7+ Kxg7 23. Qxd5 Rcb6 24. e4 Qb7 25. Qd2 f6 26. Re3 Rb4 27. Qd5 a5
28. Rcc3 a4 29. Qxb7 R8xb7 30. g4 Ra7 31. Kg2 axb3 32. axb3 Ra2 33. Kg3 g5 34.
Rcd3 Rb2 35. Rf3 Rb8 36. h4 h6 37. hxg5 hxg5 38. Rfe3 Kf7 39. f4 gxf4+ 40. Kxf4
Ke6 41. Rg3 Rb1 42. g5 fxg5+ 43. Kxg5 Rf1 44. Kg4 Rg8+ 45. Kh3 Rxg3+ 46. Kxg3
Ke5 47. Kg2 Rf4 48. Rd2 Rxe4 49. Kf3 Rf4+ 50. Ke3 Rh4 51. Rd5+ Ke6 52. Kd3 Rh3+
53. Kc2 Re3 54. Rh5 Kd7 55. Rh7 Kc6 56. Kd2 Re5 57. Kc3 e6 58. Rh6 Re4 59. Kd3
Re1 60. Kd2 Re5 61. Kc3 d5 62. cxd5+ Kxd5 63. Rh3 Re4 64. Rh5+ e5 65. Rh3 Rf4
66. Rg3 Rf1 67. Rh3 e4 68. Rh5+ Kd6 69. Kd2 Rf3 70. Kc2 Rd3 71. Rh8 Ke5 72.
Re8+ Kd4 73. Rd8+ Ke3 74. Re8 Rd5 75. Kc3 Kf3 76. Rf8+ Ke2 77. b4 cxb4+ 78.
Kxb4 e3 79. Kc4 Rd7 80. Kc3 Ke1 81. Kc2 e2 82. Rf6 Rc7+ 83. Kb3 Rc5 84. Kb4 Rc1
85. Kb3 Kd2 86. Rd6+ Ke3 87. Re6+ Kf3 0-1

[Event "26. Torneo Collado Villalba"]
[Site "Collado Villalba ESP"]
[Date "2009.08.24"]
[Round "4.9"]
[White "Arauz Alonso, Fernando"]
[Black "Suba, Mihai"]
[Result "0-1"]
[WhiteElo "2155"]
[BlackElo "2540"]
[PlyCount "92"]
[EventDate "2009.08.21"]
[EventType "swiss"]
[EventRounds "9"]
[EventCountry "ESP"]
[Source "lmi"]
[SourceDate "2009.08.21"]

1. d4 Nf6 2. Nf3 e6 3. e3 b6 4. Bd3 Bb7 5. O-O c5 6. b3 Nc6 7. a3 cxd4 8. exd4
Be7 9. Bb2 O-O 10. Nbd2 d5 11. Qe2 Re8 12. Ne5 Nxe5 13. dxe5 Nd7 14. b4 Bf8 15.
Qg4 g6 16. Nf3 Bg7 17. Rfe1 Qc7 18. Bd4 a5 19. c3 Ba6 20. Bc2 axb4 21. axb4 Bc4
22. Qg3 Ra7 23. Rxa7 Qxa7 24. Ng5 Ra8 25. Qh3 Nf8 26. Qe3 Qc7 27. f4 Ra6 28. g4
b5 29. Nh3 Qd8 30. Qg3 f5 31. gxf5 exf5 32. Ng5 Qe8 33. Qh3 h6 34. Nf3 Ne6 35.
Qg3 Ra2 36. Bd1 Kh7 37. Kh1 Ra3 38. Bc2 Bf8 39. Rg1 Be7 40. Nh4 Bxh4 41. Qxh4
Be2 42. Rg3 Ra1+ 43. Bg1 d4 44. Bxf5 gxf5 45. Qf6 Qa8+ 46. Rg2 Rxg1+ 0-1

[Event "26. Torneo Collado Villalba"]
[Site "Collado Villalba ESP"]
[Date "2009.08.24"]
[Round "4.10"]
[White "Vazquez Torres, Adrian"]
[Black "Rubio Mejia, Luis Ignacio"]
[Result "1/2-1/2"]
[WhiteElo "2149"]
[BlackElo "2371"]
[PlyCount "94"]
[EventDate "2009.08.21"]
[EventType "swiss"]
[EventRounds "9"]
[EventCountry "ESP"]
[Source "lmi"]
[SourceDate "2009.08.21"]

1. e4 c5 2. Nf3 d6 3. d4 cxd4 4. Nxd4 Nf6 5. Nc3 a6 6. Bc4 e6 7. Bb3 Nbd7 8. f4
Nc5 9. O-O Be7 10. Qf3 O-O 11. Be3 Nfd7 12. Rad1 Re8 13. g4 Bf8 14. g5 b5 15.
a3 Bb7 16. Ba2 g6 17. b4 Na4 18. Nxa4 bxa4 19. Ne2 Qc7 20. c4 a5 21. Bd4 axb4
22. axb4 a3 23. Ng3 Ra4 24. Qb3 Raa8 25. Ba1 Bg7 26. Bxg7 Kxg7 27. Qc3+ Kg8 28.
Qd4 d5 29. exd5 exd5 30. c5 Nf8 31. b5 Ne6 32. Qb4 Qxc5+ 33. Qxc5 Nxc5 34. Rc1
Ne6 35. f5 Nxg5 36. fxg6 hxg6 37. Rc7 Rab8 38. h4 Ne6 39. Rcxf7 Rf8 40. R7f6
Rxf6 41. Rxf6 Re8 42. Rxg6+ Kf7 43. h5 Rc8 44. Nf5 Rc1+ 45. Kh2 Rc2+ 46. Rg2
Rxg2+ 47. Kxg2 Kf6 1/2-1/2

[Event "26. Torneo Collado Villalba"]
[Site "Collado Villalba ESP"]
[Date "2009.08.24"]
[Round "4.11"]
[White "Nieto De La Cruz, Julio"]
[Black "Madina Yadarola, Martin A"]
[Result "0-1"]
[WhiteElo "2132"]
[BlackElo "2253"]
[PlyCount "68"]
[EventDate "2009.08.21"]
[EventType "swiss"]
[EventRounds "9"]
[EventCountry "ESP"]
[Source "lmi"]
[SourceDate "2009.08.21"]

1. d4 Nf6 2. c4 g6 3. Nc3 Bg7 4. e4 d6 5. Be2 O-O 6. g4 c5 7. d5 e6 8. h4 exd5
9. cxd5 Re8 10. f3 h5 11. Bg5 Qa5 12. Qd2 Nbd7 13. Nh3 a6 14. Nf4 hxg4 15. h5
gxf3 16. Bxf3 Ne5 17. Be2 Nh7 18. Ng2 Nxg5 19. Qxg5 b5 20. hxg6 Nxg6 21. O-O
Qd8 22. Qh5 Qe7 23. Rae1 Bd4+ 24. Kh1 Kg7 25. Qh2 Rh8 26. Bh5 Bg4 27. Nf4 Bxh5
28. Nxh5+ Rxh5 29. Qxh5 Rh8 30. Qxh8+ Kxh8 31. Re2 Kg7 32. Rf3 Qh4+ 33. Rh2
Qe1+ 34. Kg2 Nh4+ 0-1

[Event "26. Torneo Collado Villalba"]
[Site "Collado Villalba ESP"]
[Date "2009.08.24"]
[Round "4.13"]
[White "Martin Martin, Luis Vicente"]
[Black "Gomez Peco, Pablo"]
[Result "1/2-1/2"]
[WhiteElo "2095"]
[BlackElo "2222"]
[PlyCount "96"]
[EventDate "2009.08.21"]
[EventType "swiss"]
[EventRounds "9"]
[EventCountry "ESP"]
[Source "lmi"]
[SourceDate "2009.08.21"]

1. d4 c6 2. Nf3 d5 3. Bf4 Nf6 4. e3 Bf5 5. c4 e6 6. Nc3 Nbd7 7. h3 h6 8. Qb3
Qc8 9. Rc1 Be7 10. Be2 O-O 11. O-O Ne4 12. cxd5 Nxc3 13. Qxc3 exd5 14. b4 a6
15. a4 Rd8 16. Qb3 Be6 17. Rb1 b6 18. Rfc1 Qb7 19. Ne5 Rdc8 20. Rc3 Nxe5 21.
Bxe5 Qd7 22. Qc2 Bf5 23. Bd3 Bxd3 24. Qxd3 Qe6 25. Bg3 c5 26. bxc5 bxc5 27.
dxc5 Rxc5 28. Rcb3 Qe4 29. Qxe4 dxe4 30. Rb8+ Rxb8 31. Rxb8+ Kh7 32. Re8 Rc1+
33. Kh2 Bb4 34. Rxe4 a5 35. f4 Ra1 36. Rc4 Rxa4 37. Be1 f6 38. Bxb4 Rxb4 39.
Rc5 a4 40. Ra5 Re4 41. Kg1 g5 42. fxg5 hxg5 43. Kf2 Kg6 44. Kf3 Rb4 45. g3 Rc4
46. Ra7 Rb4 47. Ra6 Kg7 48. Ra7+ Kg6 1/2-1/2

[Event "26. Torneo Collado Villalba"]
[Site "Collado Villalba ESP"]
[Date "2009.08.24"]
[Round "4.14"]
[White "Davicce Canada, Juan Antonio"]
[Black "Enjuto Velasco, Roberto"]
[Result "1/2-1/2"]
[WhiteElo "2064"]
[BlackElo "2202"]
[PlyCount "43"]
[EventDate "2009.08.21"]
[EventType "swiss"]
[EventRounds "9"]
[EventCountry "ESP"]
[Source "lmi"]
[SourceDate "2009.08.21"]

1. d4 d5 2. c4 e6 3. Nc3 Be7 4. Nf3 Nf6 5. Qc2 O-O 6. Bg5 h6 7. Bxf6 Bxf6 8.
Rd1 c5 9. dxc5 Qa5 10. cxd5 exd5 11. Qd2 Bxc3 12. Qxc3 Qxc3+ 13. bxc3 Na6 14.
e3 Nxc5 15. c4 dxc4 16. Bxc4 Be6 17. Bxe6 Nxe6 18. O-O Rfd8 19. Rxd8+ Rxd8 20.
Rc1 Kf8 21. Kf1 Ke7 22. Ke2 1/2-1/2

[Event "26. Torneo Collado Villalba"]
[Site "Collado Villalba ESP"]
[Date "2009.08.24"]
[Round "4.16"]
[White "Semprun Martinez, Fernando"]
[Black "Torres Samper, Rafael"]
[Result "0-1"]
[WhiteElo "2179"]
[BlackElo "2061"]
[PlyCount "54"]
[EventDate "2009.08.21"]
[EventType "swiss"]
[EventRounds "9"]
[EventCountry "ESP"]
[Source "lmi"]
[SourceDate "2009.08.21"]

1. e4 c5 2. Nf3 d6 3. d4 cxd4 4. Nxd4 Nf6 5. Nc3 a6 6. Bg5 e6 7. f4 Nc6 8. Qd2
h6 9. Bxf6 Qxf6 10. Nf3 Qd8 11. O-O-O Be7 12. g4 b5 13. Bd3 Bb7 14. h4 Qa5 15.
Kb1 b4 16. Ne2 Qb6 17. g5 a5 18. g6 a4 19. Ned4 Nxd4 20. Nxd4 Bf6 21. Bc4 Bxe4
22. gxf7+ Ke7 23. Nxe6 b3 24. axb3 axb3 25. Bxb3 Qxb3 26. Qxd6+ Kxf7 27. Qd7+
Kg8 0-1

[Event "26. Torneo Collado Villalba"]
[Site "Collado Villalba ESP"]
[Date "2009.08.24"]
[Round "4.18"]
[White "Ponce Lopez, Miguel"]
[Black "Garcia Salamero, Gabriel"]
[Result "0-1"]
[WhiteElo "2185"]
[BlackElo "2034"]
[PlyCount "150"]
[EventDate "2009.08.21"]
[EventType "swiss"]
[EventRounds "9"]
[EventCountry "ESP"]
[Source "lmi"]
[SourceDate "2009.08.21"]

1. e4 e5 2. Nf3 Nf6 3. Nxe5 d6 4. Nf3 Nxe4 5. d3 Nf6 6. d4 d5 7. Bd3 Bd6 8. O-O
O-O 9. Bg5 h6 10. Bh4 Be7 11. Re1 Be6 12. Nbd2 Nbd7 13. c3 Re8 14. Rc1 c6 15.
Bb1 Nh7 16. Qc2 Nhf8 17. Bg3 Bf6 18. Ne5 g6 19. Qb3 Qb6 20. f4 Nxe5 21. fxe5
Bg5 22. Qxb6 axb6 23. Rcd1 Bxd2 24. Rxd2 Kg7 25. Rf1 b5 26. a3 Nd7 27. Bf4 Nb6
28. Rdf2 Nc4 29. Bc1 Rf8 30. Rf6 Rfe8 31. g4 Re7 32. h3 Nb6 33. Kg2 Nd7 34.
R6f2 Nb6 35. Kg3 Nd7 36. h4 c5 37. Be3 c4 38. Bf4 Ra6 39. Bc2 Nf8 40. h5 g5 41.
Bd2 Nd7 42. Bf5 Bxf5 43. gxf5 f6 44. e6 Nb6 45. Kg4 Nc8 46. Be3 Kf8 47. Rb1 Nd6
48. Re2 Ke8 49. Bg1 Kd8 50. Bh2 Kc7 51. Re3 Kc6 52. Bxd6 Kxd6 53. Kf3 Kc6 54.
Ke2 b6 55. Rg1 Kd6 56. Kd2 Kc6 57. Kc2 Kd6 58. Ra1 Kc6 59. b3 Ra5 60. Ree1 Kd6
61. bxc4 dxc4 62. Rab1 Kc6 63. Red1 b4 64. d5+ Rxd5 65. Rxd5 b3+ 66. Kb2 Kxd5
67. Re1 b5 68. a4 bxa4 69. Ka3 g4 70. Kxa4 b2 71. Ka3 b1=Q 72. Rxb1 Ra7+ 73.
Kb2 Rb7+ 74. Kc2 Rxb1 75. Kxb1 Kd6 0-1

[Event "26. Torneo Collado Villalba"]
[Site "Collado Villalba ESP"]
[Date "2009.08.24"]
[Round "4.19"]
[White "Esquivias Gomez, Francisco J"]
[Black "Castano, Henry Augusto"]
[Result "0-1"]
[WhiteElo "2009"]
[BlackElo "2203"]
[PlyCount "52"]
[EventDate "2009.08.21"]
[EventType "swiss"]
[EventRounds "9"]
[EventCountry "ESP"]
[Source "lmi"]
[SourceDate "2009.08.21"]

1. e4 e5 2. d4 exd4 3. Nf3 Nc6 4. Bc4 Nf6 5. e5 d5 6. Bb5 Ne4 7. Nxd4 Bc5 8.
O-O O-O 9. Bxc6 bxc6 10. c3 Qe8 11. Re1 f6 12. exf6 Qf7 13. Be3 Qxf6 14. Qc2
Bd6 15. Nf3 Qg6 16. Nh4 Qh5 17. g3 g5 18. Ng2 Bf5 19. Qc1 Bh3 20. Qd1 Bg4 21.
Qd3 Nxf2 22. Bxf2 Rxf2 23. Nd2 Raf8 24. Qd4 Qh3 25. Qxf2 Rxf2 26. Kxf2 Bc5+ 0-1

[Event "26. Torneo Collado Villalba"]
[Site "Collado Villalba ESP"]
[Date "2009.08.24"]
[Round "4.22"]
[White "Rodrigo Yanguas, Maria"]
[Black "Baeza Escudero, Javier"]
[Result "1-0"]
[WhiteElo "2112"]
[BlackElo "1946"]
[PlyCount "53"]
[EventDate "2009.08.21"]
[EventType "swiss"]
[EventRounds "9"]
[EventCountry "ESP"]
[Source "lmi"]
[SourceDate "2009.08.21"]

1. e4 e5 2. Nf3 Nc6 3. Bc4 Nf6 4. Ng5 d5 5. exd5 Na5 6. Bb5+ c6 7. dxc6 bxc6 8.
Qf3 h6 9. Ne4 Nd5 10. Be2 Be7 11. Qg3 O-O 12. Qxe5 f5 13. Nec3 Nb4 14. Na3 Bd6
15. Qe3 f4 16. Qf3 Bb7 17. d3 c5 18. Ne4 Be5 19. O-O Nbc6 20. c3 Ne7 21. b4
Bxc3 22. Rb1 cxb4 23. Nb5 Nf5 24. Bxf4 Bc6 25. Bc7 Qe7 26. Bxa5 Bxb5 27. Nxc3
1-0

[Event "26. Torneo Collado Villalba"]
[Site "Collado Villalba ESP"]
[Date "2009.08.24"]
[Round "4.23"]
[White "Unciti Juan, Javier"]
[Black "Barahona Torrijos, Angel"]
[Result "0-1"]
[WhiteElo "2107"]
[BlackElo "1944"]
[PlyCount "89"]
[EventDate "2009.08.21"]
[EventType "swiss"]
[EventRounds "9"]
[EventCountry "ESP"]
[Source "lmi"]
[SourceDate "2009.08.21"]

1. c4 e6 2. e4 d5 3. exd5 exd5 4. d4 Nf6 5. Nf3 Bb4+ 6. Nc3 Qe7+ 7. Be2 Be6 8.
Qa4+ Nbd7 9. O-O O-O 10. c5 Bxc3 11. bxc3 Ne4 12. Qb3 Rfe8 13. Bf4 c6 14. Qxb7
Nxc3 15. Bd3 Ne4 16. Qxc6 Bg4 17. Ne5 Nexc5 18. Bb5 Nxe5 19. Bxe5 Bd7 20. Qxc5
Qxc5 21. dxc5 Bxb5 22. Rfe1 f6 23. Bd6 Kf7 24. Reb1 Bc6 25. Kf1 g5 26. a4 Re4
27. a5 a6 28. f3 Re3 29. Rb6 Bb5+ 30. Kf2 Re2+ 31. Kg3 h5 32. h3 f5 33. c6 h4+
34. Kh2 Rc2 35. c7 Rc8 36. Rb8 R8xc7 37. Bxc7 Rxc7 38. Re1 Rd7 39. Kg1 d4 40.
Rd1 d3 41. Rd2 Ke6 42. Kf2 Ke5 43. Re8+ Kd4 44. Rc8 Re7 45. g3 0-1

[Event "26. Torneo Collado Villalba"]
[Site "Collado Villalba ESP"]
[Date "2009.08.24"]
[Round "4.24"]
[White "Montanes Arribas, Adrian"]
[Black "Rodriguez Yague, Fermin"]
[Result "1-0"]
[WhiteElo "2091"]
[BlackElo "1811"]
[PlyCount "77"]
[EventDate "2009.08.21"]
[EventType "swiss"]
[EventRounds "9"]
[EventCountry "ESP"]
[Source "lmi"]
[SourceDate "2009.08.21"]

1. e4 c5 2. Nf3 d6 3. d4 cxd4 4. Nxd4 e5 5. Bb5+ Bd7 6. Bxd7+ Qxd7 7. Nf5 Nf6
8. Nc3 Nxe4 9. Nxg7+ Bxg7 10. Nxe4 d5 11. Bh6 dxe4 12. Bxg7 Qxd1+ 13. Rxd1 Rg8
14. Bxe5 Nc6 15. Bg3 Nb4 16. O-O Nxc2 17. a3 Rg6 18. Rd2 Rc6 19. Rfd1 b5 20.
Re2 f5 21. f3 e3 22. Bf4 a5 23. Bxe3 Nxe3 24. Rxe3+ Kf7 25. Re5 b4 26. Rxf5+
Kg6 27. Rfd5 bxa3 28. Rd6+ Rxd6 29. Rxd6+ Kf5 30. bxa3 Kf4 31. Rd4+ Ke3 32.
Re4+ Kd3 33. Kf2 Kc3 34. g4 Kb3 35. Re3+ Ka4 36. h4 Rb8 37. g5 Rb3 38. Rxb3
Kxb3 39. h5 1-0

[Event "26. Torneo Collado Villalba"]
[Site "Collado Villalba ESP"]
[Date "2009.08.24"]
[Round "4.25"]
[White "Herrero Corada, Jose Ignacio"]
[Black "Erice Alonso, Santiago"]
[Result "0-1"]
[WhiteElo "1944"]
[BlackElo "2068"]
[PlyCount "62"]
[EventDate "2009.08.21"]
[EventType "swiss"]
[EventRounds "9"]
[EventCountry "ESP"]
[Source "lmi"]
[SourceDate "2009.08.21"]

1. e4 c5 2. d4 cxd4 3. Nf3 Nc6 4. c3 d3 5. Bxd3 g6 6. O-O Bg7 7. Qe2 d6 8. h3
Nf6 9. Rd1 Qa5 10. c4 O-O 11. Bd2 Qh5 12. Nc3 Bd7 13. Rac1 Rfc8 14. Bf4 Qa5 15.
Bb1 a6 16. Nd5 Re8 17. c5 Nxd5 18. Rxd5 Be6 19. Rd3 dxc5 20. Ra3 Qb4 21. Rc2
Nd4 22. Nxd4 Bxd4 23. Bd2 Qb5 24. Qf3 Rac8 25. Bc3 Red8 26. Rc1 Qc6 27. Bc2 b5
28. Bxd4 cxd4 29. Rd3 Bxa2 30. Ra1 Qxc2 31. Rxa2 Qb1+ 0-1

[Event "26. Torneo Collado Villalba"]
[Site "Collado Villalba ESP"]
[Date "2009.08.24"]
[Round "4.26"]
[White "Medrano Del Val, Julio"]
[Black "Zanoletty Garcia, David"]
[Result "1/2-1/2"]
[WhiteElo "1810"]
[BlackElo "2014"]
[PlyCount "66"]
[EventDate "2009.08.21"]
[EventType "swiss"]
[EventRounds "9"]
[EventCountry "ESP"]
[Source "lmi"]
[SourceDate "2009.08.21"]

1. d4 d5 2. Nf3 e6 3. c4 Be7 4. g3 Nf6 5. Nc3 O-O 6. Bg2 b6 7. cxd5 exd5 8. Qc2
Bb7 9. O-O a6 10. Re1 Nbd7 11. Ng5 g6 12. e4 dxe4 13. Ngxe4 Nd5 14. Nxd5 Bxd5
15. Bf4 c6 16. Qd2 Nf6 17. Bh6 Re8 18. Nxf6+ Bxf6 19. Rxe8+ Qxe8 20. Bxd5 cxd5
21. Re1 Qa4 22. Be3 Rc8 23. b3 Qc6 24. g4 Qc2 25. Qb4 Qc3 26. Qxc3 Rxc3 27. Bh6
Rc8 28. g5 Bxd4 29. Rd1 Bc5 30. Rxd5 a5 31. Kg2 Re8 32. Rd7 Bb4 33. Rb7 Bc5
1/2-1/2

[Event "26. Torneo Collado Villalba"]
[Site "Collado Villalba ESP"]
[Date "2009.08.24"]
[Round "4.28"]
[White "Lopez Heras, Arturo"]
[Black "Castejon Caballero, Andres"]
[Result "0-1"]
[WhiteElo "1931"]
[BlackElo "2184"]
[PlyCount "74"]
[EventDate "2009.08.21"]
[EventType "swiss"]
[EventRounds "9"]
[EventCountry "ESP"]
[Source "lmi"]
[SourceDate "2009.08.21"]

1. e4 e5 2. Nf3 Qe7 3. Nc3 c6 4. Bc4 h6 5. d4 d6 6. O-O Nf6 7. a4 Bg4 8. dxe5
dxe5 9. h3 Bh5 10. Be2 g5 11. Be3 Bg7 12. Qd3 O-O 13. Rad1 Bg6 14. Qc4 Na6 15.
Rd2 Rfe8 16. Rfd1 Bf8 17. Nxg5 hxg5 18. Bxg5 Rad8 19. Rd3 Rxd3 20. Qxd3 Qe6 21.
Qf3 Nh7 22. Bh4 Be7 23. Bxe7 Qxe7 24. Qg3 Kh8 25. h4 Rg8 26. Qh3 Nf6 27. h5 Bh7
28. g4 Nc5 29. f3 Ne6 30. Qh4 Ng5 31. Kh2 Nfxe4 32. Kh1 Nxc3 33. bxc3 Rd8 34.
Bd3 Bxd3 35. cxd3 Qf6 36. Rf1 Rxd3 37. f4 Rh3+ 0-1

[Event "26. Torneo Collado Villalba"]
[Site "Collado Villalba ESP"]
[Date "2009.08.24"]
[Round "4.29"]
[White "Rodriguez De Castro, Ayar"]
[Black "Perez Cameselle, Francisco"]
[Result "1-0"]
[WhiteElo "2084"]
[BlackElo "1958"]
[PlyCount "159"]
[EventDate "2009.08.21"]
[EventType "swiss"]
[EventRounds "9"]
[EventCountry "ESP"]
[Source "lmi"]
[SourceDate "2009.08.21"]

1. d4 Nf6 2. c4 g6 3. g3 c5 4. d5 e6 5. Nc3 exd5 6. cxd5 d6 7. Bg2 Bg7 8. Nf3
O-O 9. O-O Na6 10. Bf4 Nc7 11. e4 Re8 12. Re1 b5 13. e5 dxe5 14. Nxe5 Bb7 15.
d6 Bxg2 16. dxc7 Qxd1 17. Raxd1 b4 18. Na4 Bh3 19. Nxc5 Nh5 20. Nc6 Rxe1+ 21.
Rxe1 Nxf4 22. gxf4 Bf8 23. Na6 Rc8 24. Re3 Bd7 25. Nxa7 Ra8 26. Rd3 Bf5 27. Rd5
Be6 28. Re5 Bd7 29. Rd5 Be6 30. Re5 Bd7 31. Nb8 Rxa7 32. Nxd7 Rxc7 33. Nf6+ Kh8
34. Re2 Rc1+ 35. Kg2 Kg7 36. Ne8+ Kg8 37. Nf6+ Kg7 38. Nd7 Bd6 39. Ne5 f6 40.
Nd3 Ra1 41. b3 Kf7 42. Kf3 Rh1 43. Re4 Ra1 44. Rd4 Be7 45. Nxb4 Bxb4 46. Rxb4
Rxa2 47. Rb7+ Ke6 48. Rxh7 Rb2 49. Rb7 Kf5 50. Rb6 Rb1 51. Rb5+ Ke6 52. f5+
gxf5 53. Kf4 Rb2 54. f3 Rxh2 55. Rb6+ Kf7 56. Kxf5 Rh5+ 57. Kg4 Rd5 58. f4 Ke7
59. Rc6 Rb5 60. Rc7+ Ke6 61. Rc3 f5+ 62. Kg5 Kd5 63. Re3 Kd4 64. Re8 Rxb3 65.
Kxf5 Rb5+ 66. Kf6 Rb6+ 67. Re6 Rb7 68. f5 Kd5 69. Re7 Rb8 70. Kf7 Kd6 71. f6
Ra8 72. Re2 Ra7+ 73. Kf8 Ra8+ 74. Re8 Ra1 75. f7 Rf1 76. Re2 Kd7 77. Rd2+ Ke6
78. Re2+ Kf6 79. Ke8 Kg7 80. Rg2+ 1-0

[Event "26. Torneo Collado Villalba"]
[Site "Collado Villalba ESP"]
[Date "2009.08.24"]
[Round "4.30"]
[White "Jimenez Gonzalez, Marcos"]
[Black "San Juan Rodriguez, Miguel"]
[Result "0-1"]
[WhiteElo "1897"]
[BlackElo "2054"]
[PlyCount "110"]
[EventDate "2009.08.21"]
[EventType "swiss"]
[EventRounds "9"]
[EventCountry "ESP"]
[Source "lmi"]
[SourceDate "2009.08.21"]

1. e4 e5 2. Nf3 Nf6 3. Nxe5 d6 4. Nf3 Nxe4 5. d4 d5 6. Bd3 Be7 7. O-O Nc6 8. c4
Nf6 9. Nc3 O-O 10. Bg5 Nb4 11. Be2 dxc4 12. Bxc4 c6 13. a3 Nbd5 14. Qc2 Be6 15.
Bd3 h6 16. Bd2 Rc8 17. Na4 b6 18. b4 Qd6 19. g3 Nd7 20. Ba6 Rc7 21. Nc5 Nxc5
22. dxc5 bxc5 23. bxc5 Qxc5 24. Qd3 Rd8 25. Rfc1 Qd6 26. Ba5 Nb6 27. Qe3 Bf6
28. Rd1 Qxd1+ 29. Rxd1 Rxd1+ 30. Kg2 Rb1 31. Nd2 Bd5+ 32. Kh3 Be6+ 33. Kg2 Rb2
34. Nc4 Re7 35. Qf4 Bd5+ 36. Kh3 Nxc4 37. Bxc4 Re4 38. Qf5 Be6 39. Bxe6 Rxe6
40. Bb4 Rbe2 41. Bc5 R2e5 42. Qc2 a6 43. Be3 Rb5 44. Qd3 a5 45. Qc4 Be7 46. Qg4
Bxa3 47. Qh4 Be7 48. Qa4 Bb4 49. Qd1 Rd5 50. Qg4 Bc5 51. Bc1 Bd4 52. f4 h5 53.
Qf3 g6 54. g4 hxg4+ 55. Qxg4 Bg7 0-1

[Event "26. Torneo Collado Villalba"]
[Site "Collado Villalba ESP"]
[Date "2009.08.24"]
[Round "4.31"]
[White "Arias Castanedo, Jacinto"]
[Black "Franco Rincon, David"]
[Result "1-0"]
[WhiteElo "2023"]
[BlackElo "1787"]
[PlyCount "117"]
[EventDate "2009.08.21"]
[EventType "swiss"]
[EventRounds "9"]
[EventCountry "ESP"]
[Source "lmi"]
[SourceDate "2009.08.21"]

1. e4 e5 2. Nf3 Nc6 3. Bb5 a6 4. Ba4 Nf6 5. O-O d6 6. Re1 b5 7. Bb3 Na5 8. c3
Nxb3 9. Qxb3 Be7 10. d3 h6 11. Nbd2 O-O 12. h3 Be6 13. Qd1 Nh7 14. d4 exd4 15.
cxd4 c5 16. d5 Bd7 17. Nf1 Re8 18. Bf4 Nf8 19. Qd2 Ng6 20. Bh2 Bf6 21. Bxd6
Bxh3 22. Bxc5 Bg4 23. N1h2 Bxf3 24. Nxf3 Ne5 25. Nxe5 Bxe5 26. f4 Qc7 27. Be3
Bd6 28. Rac1 Qe7 29. Bd4 Bb4 30. Bc3 Bc5+ 31. Bd4 Bb4 32. Rc3 Bxc3 33. Bxc3
Qc5+ 34. Bd4 Qd6 35. Qf2 Rac8 36. Qg3 f6 37. Bc3 b4 38. Bd4 g5 39. Qf3 Rcd8 40.
g3 f5 41. Be5 Qc5+ 42. Kh2 fxe4 43. Qxe4 Rd6 44. Rd1 Qf2+ 45. Kh3 g4+ 46. Kxg4
h5+ 47. Kxh5 Qxg3 48. Rd3 Qh2+ 49. Kg4 Qh6 50. Rg3 Kf7 51. Qf5+ Ke7 52. Kf3
Qh1+ 53. Kf2 Qh2+ 54. Rg2 Qh4+ 55. Ke2 Kd8 56. Kf3 Rd7 57. Bf6+ Qxf6 58. Qxf6+
Kc8 59. Qc6+ 1-0

[Event "26. Torneo Collado Villalba"]
[Site "Collado Villalba ESP"]
[Date "2009.08.24"]
[Round "4.32"]
[White "Hernandez Yanez, Javier"]
[Black "Serrano Nunez, Dario"]
[Result "1-0"]
[WhiteElo "1922"]
[BlackElo "1997"]
[PlyCount "95"]
[EventDate "2009.08.21"]
[EventType "swiss"]
[EventRounds "9"]
[EventCountry "ESP"]
[Source "lmi"]
[SourceDate "2009.08.21"]

1. d4 Nf6 2. Bf4 d5 3. e3 Bf5 4. c4 e6 5. Qb3 Qc8 6. Nc3 dxc4 7. Bxc4 Bd6 8.
Bxd6 cxd6 9. Bb5+ Nc6 10. Nf3 O-O 11. O-O a6 12. Be2 b5 13. Rfc1 Qb7 14. a3
Rfc8 15. Qd1 h6 16. b4 Ne7 17. Nd2 Rc7 18. Bf3 d5 19. Nb3 Nd7 20. Na2 Rac8 21.
Rxc7 Rxc7 22. Rc1 Qc8 23. Rxc7 Qxc7 24. Qc1 Qxc1+ 25. Naxc1 Nc6 26. Be2 Bc2 27.
Nc5 Nxc5 28. dxc5 Kf8 29. f4 Ke7 30. Bf3 f5 31. Ne2 Kd7 32. Nd4 Bd3 33. Nxc6
Kxc6 34. Kf2 Bc4 35. Ke1 g6 36. Kd2 g5 37. g3 g4 38. Bg2 Kd7 39. Kc3 Be2 40.
Kd4 h5 41. Ke5 Bf3 42. Bf1 Ke7 43. Bd3 Bg2 44. Bc2 Bf3 45. a4 Be2 46. c6 Kd8
47. Kxe6 bxa4 48. Kd6 1-0

[Event "26. Torneo Collado Villalba"]
[Site "Collado Villalba ESP"]
[Date "2009.08.24"]
[Round "4.33"]
[White "Ananian, Arman"]
[Black "Gordillo, Manuel"]
[Result "1/2-1/2"]
[WhiteElo "1790"]
[BlackElo "1988"]
[PlyCount "60"]
[EventDate "2009.08.21"]
[EventType "swiss"]
[EventRounds "9"]
[EventCountry "ESP"]
[Source "lmi"]
[SourceDate "2009.08.21"]

1. e4 e6 2. d4 d5 3. Nc3 Bb4 4. e5 c5 5. a3 Bxc3+ 6. bxc3 Qa5 7. Bd2 Qa4 8. Qg4
g6 9. Ra2 Nc6 10. Nf3 Bd7 11. Bd3 O-O-O 12. O-O f6 13. Rb1 Nxe5 14. Nxe5 fxe5
15. Bb5 Nf6 16. Bxa4 Nxg4 17. Bxd7+ Rxd7 18. f3 Nf6 19. dxe5 Ng8 20. a4 Ne7 21.
Rb5 c4 22. a5 Nc6 23. f4 Re8 24. Rc5 a6 25. Be3 Rde7 26. Rb2 Kc7 27. Rb6 Ra8
28. Rb1 Rf8 29. Rb6 Ra8 30. Rb1 Rf8 1/2-1/2

[Event "26. Torneo Collado Villalba"]
[Site "Collado Villalba ESP"]
[Date "2009.08.24"]
[Round "4.34"]
[White "Alvarez Garcia, Fernando"]
[Black "Velasco Garcia, Jorge Juan"]
[Result "0-1"]
[WhiteElo "1988"]
[BlackElo "1913"]
[PlyCount "150"]
[EventDate "2009.08.21"]
[EventType "swiss"]
[EventRounds "9"]
[EventCountry "ESP"]
[Source "lmi"]
[SourceDate "2009.08.21"]

1. e4 Nf6 2. d3 e5 3. Nd2 d5 4. Ngf3 Bc5 5. Be2 Bxf2+ 6. Kxf2 Ng4+ 7. Kg1 Ne3
8. Qe1 Nxc2 9. Qg3 O-O 10. Rb1 Nc6 11. Nb3 dxe4 12. Bh6 Qf6 13. Bg5 Qd6 14.
dxe4 N6d4 15. Nbxd4 Nxd4 16. Nxd4 Qxd4+ 17. Qe3 f6 18. Qxd4 exd4 19. Bc4+ Kh8
20. Bf4 Bg4 21. Kf2 g5 22. Bd2 Rfe8 23. Rhe1 Re5 24. b4 Rae8 25. Bd3 Bh5 26. b5
Bg6 27. Rb4 Rd8 28. Ra4 Be8 29. Rxa7 Bxb5 30. Bxb5 Rxb5 31. Ra5 Rxa5 32. Bxa5
b6 33. Bd2 c5 34. Rb1 Rd6 35. Rb5 Rc6 36. a4 c4 37. Rd5 c3 38. Rxd4 cxd2 39.
Rxd2 Kg7 40. Rd7+ Kg6 41. Kf3 Rc3+ 42. Ke2 Rc4 43. Rd6 Rxe4+ 44. Kf3 Rf4+ 45.
Ke3 Rb4 46. Kf3 h5 47. h3 Kf5 48. a5 Rb3+ 49. Ke2 bxa5 50. Rd5+ Ke4 51. Rxa5
Rb2+ 52. Kf1 Rd2 53. h4 g4 54. Rxh5 g3 55. Ra5 Rf2+ 56. Kg1 Rd2 57. Kf1 Kf4 58.
Ra4+ Kf5 59. Ra3 Kg4 60. Ra4+ Kh5 61. Ra3 Kxh4 62. Rf3 Rd1+ 63. Ke2 Rd6 64.
Rf4+ Kg5 65. Rf3 Kg4 66. Ra3 Re6+ 67. Kf1 f5 68. Rb3 Ra6 69. Re3 Ra1+ 70. Re1
Ra2 71. Re3 f4 72. Re2 Ra1+ 73. Re1 Rxe1+ 74. Kxe1 f3 75. gxf3+ Kh3 0-1